| 000 | 00875nam a2200217Ia 4500 | ||
|---|---|---|---|
| 999 |
_c39462 _d39462 |
||
| 001 | 6056 | ||
| 003 | GE_BSU | ||
| 005 | 20190920165918.0 | ||
| 008 | 181216s1973||||ge |||||||||||||| ||geo|| | ||
| 040 | _cGE_BSU | ||
| 041 | _ageo | ||
| 080 | _a821.353.1-1 ა-76 | ||
| 100 |
_aარაბული, მინდია _94199 |
||
| 245 |
_aგარდასული ფერები / _cმინდია არაბული ; რედ. კონსტანტინე ლორთქიფანიძე. |
||
| 264 |
_aთბილისი : _bნაკადული ; _c1973. |
||
| 300 |
_a65 გვ. ; _c17 სმ. |
||
| 653 | _aგარდასული ფერები | ||
| 653 | _aლექსები | ||
| 700 |
_aლორთქიფანიძე. კონსტანტინე _eრედაქტორი _94149 |
||
| 942 |
_cBK _2udc |
||